<?xml version="1.0" encoding="UTF-8"?><?xml-stylesheet type="text/xsl" href="static/style.xsl"?><OAI-PMH xmlns="http://www.openarchives.org/OAI/2.0/" xmlns:xsi="http://www.w3.org/2001/XMLSchema-instance" xsi:schemaLocation="http://www.openarchives.org/OAI/2.0/ http://www.openarchives.org/OAI/2.0/OAI-PMH.xsd"><responseDate>2026-04-27T22:01:11Z</responseDate><request verb="GetRecord" identifier="oai:uvadoc.uva.es:10324/9731" metadataPrefix="marc">https://uvadoc.uva.es/oai/request</request><GetRecord><record><header><identifier>oai:uvadoc.uva.es:10324/9731</identifier><datestamp>2021-06-30T08:22:30Z</datestamp><setSpec>com_10324_7407</setSpec><setSpec>com_10324_5186</setSpec><setSpec>com_10324_29291</setSpec><setSpec>col_10324_7435</setSpec></header><metadata><record xmlns="http://www.loc.gov/MARC21/slim" xmlns:doc="http://www.lyncode.com/xoai" xmlns:xsi="http://www.w3.org/2001/XMLSchema-instance" xmlns:dcterms="http://purl.org/dc/terms/" xsi:schemaLocation="http://www.loc.gov/MARC21/slim http://www.loc.gov/standards/marcxml/schema/MARC21slim.xsd">
<leader>00925njm 22002777a 4500</leader>
<datafield tag="042" ind1=" " ind2=" ">
<subfield code="a">dc</subfield>
</datafield>
<datafield tag="720" ind1=" " ind2=" ">
<subfield code="a">Cortijo Cerezo, María Luisa</subfield>
<subfield code="e">author</subfield>
</datafield>
<datafield tag="260" ind1=" " ind2=" ">
<subfield code="c">2005</subfield>
</datafield>
<datafield tag="520" ind1=" " ind2=" ">
<subfield code="a">In this article we have collected references to forest in the military campaigns of the Roman Spain, dividing them in four different sections: Second Punic War; from the Second Punic War until the destruction of Numantia; Sertorio-Metelo-Pompeyo and Julio César-Augusto. On the one hand we have analysed the different Greek and Latín terms that are used, and on the other the different woodland references within the context of the era and place in which they appear. Finally, we have established a relationship between these sources and others which allude to forests from a different perspective.</subfield>
</datafield>
<datafield tag="520" ind1=" " ind2=" ">
<subfield code="a">Hemos recogido referencias a bosques en las campañas militares de la Hispania romana, estableciendo cuatro apartados distintos: Segunda Guerra Púnica; entre la II Guerra Púnica y la destrucción de Numancia; Sertorio-Metelo-Pompeyo y Julio César-Augusto. Se analizan, por una parte, los diferentes vocablos griegos y latinos que se emplean y, por otra, las distintas referencias al bosque encuadrándolas en la época, lugares y contextos en que aparecen. Finalmente, se establece una relación entre estas fuentes militares y otras que aluden a los bosques bajo una óptica distinta.</subfield>
</datafield>
<datafield tag="024" ind2=" " ind1="8">
<subfield code="a">Hispania antiqua, 2005, N.29, pags.43-60</subfield>
</datafield>
<datafield tag="024" ind2=" " ind1="8">
<subfield code="a">1130-0515</subfield>
</datafield>
<datafield tag="024" ind2=" " ind1="8">
<subfield code="a">http://uvadoc.uva.es/handle/10324/9731</subfield>
</datafield>
<datafield tag="024" ind2=" " ind1="8">
<subfield code="a">43</subfield>
</datafield>
<datafield tag="024" ind2=" " ind1="8">
<subfield code="a">29</subfield>
</datafield>
<datafield tag="024" ind2=" " ind1="8">
<subfield code="a">60</subfield>
</datafield>
<datafield tag="024" ind2=" " ind1="8">
<subfield code="a">Hispania antiqua</subfield>
</datafield>
<datafield ind1=" " ind2=" " tag="653">
<subfield code="a">España-Historia</subfield>
</datafield>
<datafield ind1=" " ind2=" " tag="653">
<subfield code="a">Historia Antigua</subfield>
</datafield>
<datafield tag="245" ind1="0" ind2="0">
<subfield code="a">Referencias al bosque en las campañas militares de la Hispania romana</subfield>
</datafield>
</record></metadata></record></GetRecord></OAI-PMH>